La evaluación cualitativa: una oportunidad de aprendizaje social. Perspectivas metodológicas, aplicaciones en programas y proyectos sociales y educativos
Salvato in:
| Autore principale: | |
|---|---|
| Natura: | Libro |
| Lingua: | spagnolo |
| Pubblicazione: |
Buenos Aires
Noveduc
2015
|
| Edizione: | 1a. ed |
| Serie: | Trabajo Social
|
| Soggetti: | |
| Tags: |
Aggiungi Tag
Nessun Tag, puoi essere il primo ad aggiungerne!!
|
MARC
| LEADER | 00000cam a2200000 a 4500 | ||
|---|---|---|---|
| 001 | UCD3371 | ||
| 003 | CL-VaPUC | ||
| 008 | 160603e20150000ag |||||||||||||||||spa|d | ||
| 020 | |a 9789875384200 | ||
| 082 | 0 | 4 | |a 361.3 |b CAR |2 21 |
| 100 | 0 | |a Cardarelli, Graciela |e author |9 586810 | |
| 245 | 1 | 3 | |a La evaluación cualitativa: una oportunidad de aprendizaje social. Perspectivas metodológicas, aplicaciones en programas y proyectos sociales y educativos |
| 250 | |a 1a. ed | ||
| 300 | |a 128 p | ||
| 942 | |c BK | ||
| 945 | |d 20160603 11:43:00 |a arojas | ||
| 260 | |a Buenos Aires |b Noveduc |c 2015 | ||
| 650 | 7 | |a PROYECTOS SOCIALES |2 CL-VaPUC |9 361906 | |
| 650 | 0 | |a Aprendizaje social |9 395373 | |
| 650 | 7 | |a PROGRAMAS SOCIALES |2 CL-VaPUC |9 324718 | |
| 650 | 0 | |a Trabajo social |9 307856 | |
| 650 | 7 | |a PROGRAMAS EDUCACIONALES |2 CL-VaPUC |9 350144 | |
| 650 | 0 | |a Evaluación |9 271902 | |
| 583 | |a last modification |c 20160603 11:43:00 |k Rodrigo Vera | ||
| 490 | 0 | |a Trabajo Social | |
| 999 | |c 364407 |d 364405 | ||
| 952 | |0 0 |1 0 |3 erb |4 0 |6 361_300000000000000_CAR_2015 |7 0 |8 A |9 477577 |a BIBEDU |b BIBEDU |i 5288894 |o 361.3 CAR 2015 |p 5288894 |r 2019-11-24 |w 2019-11-24 |y BK |z Catalogado en:20160603 |k EDI | ||